| 000 | 00707nam a22001815i 4500 | ||
|---|---|---|---|
| 001 | 161491 | ||
| 003 | ES-MaACL | ||
| 005 | 20250830111240.0 | ||
| 008 | 041022s1860 xx |||| | ita d | ||
| 040 |
_aCAM _bspa _cCAM |
||
| 100 | 1 |
_aPassaglia, Carlo ( _d1812-1887) _9130881 |
|
| 245 | 1 | 3 |
_aIl Pontefice ed il Principe ossia la teologia, la filosofia e la politica messe d'accorrdo in ordine al Principato Civile del Papa / _cdialoghi di Carlos Passaglia. |
| 260 |
_a[s.l.] : _b[s.n.], _c1860. |
||
| 300 |
_a138 p. ; _c24 cm. |
||
| 610 | 2 | 4 |
_aIglesia Católica _94639 |
| 852 |
_aES-MaACL _jT-181-F-1 _z-- Enc. hol. _q-- Falto de la cub. original _z-- Enc. en un vol. facticio |
||
| 999 |
_c161491 _d161491 |
||